Моделирование электрической активности сердца с помощью электрокардиографа на наноэлектродах; Информационные технологии в науке, управлении, социальной сфере и медицине; Ч. 1

Dettagli Bibliografici
Parent link:Информационные технологии в науке, управлении, социальной сфере и медицине: сборник научных трудов Международной конференции с международным участием , 29 апреля - 2 мая 2014 г., Томск/ Национальный исследовательский Томский политехнический университет (ТПУ).— , 2014
Ч. 1.— 2014.— [С. 236-239]
Autore principale: Григорьев М. Г. Михаил Георгиевич
Ente Autore: Национальный исследовательский Томский политехнический университет (ТПУ) Институт неразрушающего контроля (ИНК) Лаборатория № 63 (Медицинского приборостроения)
Altri autori: Турушев Н. В. Никита Владимирович
Riassunto:Заглавие с титульного экрана
The problems related to cardiovascular diseases are considered. The method to solve some of the problems has been proposed. We also consider a two-component Aliev-Panfilov model and the algorithm of the hardware- software complexes. The obtained results are presented.
Lingua:inglese
Pubblicazione: 2014
Serie:Информационные технологии в здравоохранении и медицине
Soggetti:
Accesso online:http://www.lib.tpu.ru/fulltext/c/2014/C24/V1/078.pdf
Natura: MixedMaterials Elettronico Capitolo di libro
KOHA link:https://koha.lib.tpu.ru/cgi-bin/koha/opac-detail.pl?biblionumber=607857

MARC

LEADER 00000naa2a2200000 4500
001 607857
005 20260313145414.0
035 |a (RuTPU)RU\TPU\conf\5263 
035 |a RU\TPU\conf\5259 
090 |a 607857 
100 |a 20140903d2014 k y0rusy50 ba 
101 0 |a eng 
102 |a RU 
135 |a drnn ---uucaa 
181 0 |a i  
182 0 |a b 
200 1 |a Моделирование электрической активности сердца с помощью электрокардиографа на наноэлектродах  |f М. Г. Григорьев, Н. В. Турушев  |d Computer simulation cardiac electrical activity using an electrocardiograph on nanosensors 
203 |a Текст  |c электронный 
225 1 |a Информационные технологии в здравоохранении и медицине 
300 |a Заглавие с титульного экрана 
320 |a [Библиогр.: с. 239 (5 назв.)] 
330 |a The problems related to cardiovascular diseases are considered. The method to solve some of the problems has been proposed. We also consider a two-component Aliev-Panfilov model and the algorithm of the hardware- software complexes. The obtained results are presented. 
337 |a Adobe Reader 
461 1 |0 (RuTPU)RU\TPU\conf\4263  |t Информационные технологии в науке, управлении, социальной сфере и медицине  |o сборник научных трудов Международной конференции с международным участием , 29 апреля - 2 мая 2014 г., Томск  |o в 2 ч.  |f Национальный исследовательский Томский политехнический университет (ТПУ)   |d 2014 
463 1 |0 (RuTPU)RU\TPU\conf\5084  |t Ч. 1  |v [С. 236-239]  |d 2014 
510 1 |a Computer simulation cardiac electrical activity using an electrocardiograph on nanosensors  |z eng 
610 1 |a труды учёных ТПУ 
610 1 |a электронный ресурс 
610 1 |a моделируемые системы 
610 1 |a электрическая активность 
610 1 |a сердце 
610 1 |a электрокардиографы 
610 1 |a наноэлектроды 
700 1 |a Григорьев  |b М. Г.  |c специалист в области информационно-измерительной техники  |c инженер Томского политехнического университета  |f 1990-  |g Михаил Георгиевич  |3 (RuTPU)RU\TPU\pers\30682 
701 1 |a Турушев  |b Н. В.  |c специалист в области приборостроения  |c инженер Томского политехнического университета  |f 1990-  |g Никита Владимирович  |3 (RuTPU)RU\TPU\pers\32346 
712 0 2 |a Национальный исследовательский Томский политехнический университет (ТПУ)  |b Институт неразрушающего контроля (ИНК)  |b Лаборатория № 63 (Медицинского приборостроения)  |3 (RuTPU)RU\TPU\col\19731 
801 2 |a RU  |b 63413507  |c 20140903  |g RCR 
856 4 |u http://www.lib.tpu.ru/fulltext/c/2014/C24/V1/078.pdf 
942 |c BK